000 00409nam a2200157Ia 4500
008 230711s9999||||xx |||||||||||||| ||und||
020 _a81-8014-112-8
041 _aENG
082 _a624
_bAR-S
100 _aArora,K R
245 0 _aSoil mechanics and foundation engineering
250 _a6th Ed.
260 _c2015
_aNew Delhi
_bStandard Publishing Distributors
650 _aCivil Engineering
942 _cBK
999 _c2664
_d2664